The Lost Boy. (Record no. 280671)

MARC details
000 -LEADER
fixed length control field 00424nam a2200181Ia 4500
008 - FIXED-LENGTH DATA ELEMENTS--GENERAL INFORMATION
fixed length control field 090630s9999 xx 000 0 und d
082 ## - DEWEY DECIMAL CLASSIFICATION NUMBER
Item number 28815
100 ## - MAIN ENTRY--PERSONAL NAME
Personal name Dave Pelzer.
245 ## - TITLE STATEMENT
Title The Lost Boy.
Statement of responsibility, etc Dave Pelzer.
260 ## - PUBLICATION, DISTRIBUTION, ETC. (IMPRINT)
Name of publisher, distributor, etc Orion Media.
Date of publication, distribution, etc 2000
300 ## - PHYSICAL DESCRIPTION
Extent 340
600 ## - SUBJECT ADDED ENTRY--PERSONAL NAME
Personal name Dave Pelzer.
630 ## - SUBJECT ADDED ENTRY--UNIFORM TITLE
Uniform title The Lost Boy.
655 ## - INDEX TERM--GENRE/FORM
Genre/form data or focus term English.
700 ## - ADDED ENTRY--PERSONAL NAME
Personal name Dave Pelzer.
730 ## - ADDED ENTRY--UNIFORM TITLE
Uniform title The Lost Boy.
942 ## - ADDED ENTRY ELEMENTS (KOHA)
Koha item type Book
Holdings
Withdrawn status Lost status Damaged status Not for loan Home library Current library Date acquired Cost, normal purchase price Total Checkouts Full call number Barcode Date last seen Cost, replacement price Price effective from Koha item type
        Sarvajanik Wachanalaya Shrivardhan Sarvajanik Wachanalaya Shrivardhan 01/03/2008 3.00   28815 SAWASHRI-28815 06/30/2009 3.00 06/30/2009 Book